| 000 | 00766nam a2200229 i 4500 | ||
|---|---|---|---|
| 001 | 175468 | ||
| 003 | ES-MaACL | ||
| 005 | 20250819063109.0 | ||
| 007 | t| | ||
| 008 | 101028s2000 sp r ||||1| spa d | ||
| 020 | _a84-87511-14-7 | ||
| 080 | _a821.134.2-23"20" | ||
| 100 | 1 |
_aAlonso Prieto, Luis, _d1952- _9143783 |
|
| 245 | 1 | 1 |
_a¡Otra vez Don Juan! o el tenorio complutense / _cde Luis Alonso Prieto. |
| 260 |
_aAlcalá de Henares (Madrid) : _bTeatro Independiente Alcalaíno, _cD. L. 2000. |
||
| 300 |
_a125 p. ; _c18 cm. |
||
| 490 | 1 |
_aColección nuevos autores ; _v14 |
|
| 710 | 2 |
_aTeatro Independiente Alcalaíno. _9144180 |
|
| 830 | 0 |
_aColección nuevos autores ; _v14 _9189758 |
|
| 852 |
_aES-MaACL _j2262-F-13 |
||
| 999 |
_c175468 _d175468 |
||